书目信息 |
| 题名: |
园林水景设计
|
|
| 作者: | 威尔斯 著 ;阎宏伟 译 | |
| 分册: | ||
| 出版信息: | 沈阳 辽宁科学技术出版社 2002.01 |
|
| 页数: | 190页 | |
| 开本: | 26cm | |
| 丛书名: | ||
| 单 册: | ||
| 中图分类: | TU , TU986.43 | |
| 科图分类: | ||
| 主题词: | 园林--规划 , 公园--绿化规划 | |
| 电子资源: | ||
| ISBN: | 7-5381-3441-7 | |
| 000 | 00680nam0 2200229 45 | |
| 001 | 0329734800 | |
| 005 | 2003032608153468 | |
| 010 | @a7-5381-3441-7@dRMB 118.00 | |
| 100 | @a20030326d2002 km y0chiy0120 ea | |
| 101 | 0 | @achi |
| 102 | @aCN@b210000 | |
| 200 | 1 | @a园林水景设计@Ayuan lin shui jing she ji@f(英)威尔斯著;阎宏伟等译@F(ying)wei er si zhu;yan hong wei deng yi |
| 210 | @a沈阳@c辽宁科学技术出版社@d2002.01 | |
| 215 | @a190页@d26cm | |
| 606 | 0 | @a园林@x规划 |
| 606 | 0 | @a公园@x绿化规划 |
| 690 | @aTU@v3 | |
| 690 | @aTU986.43@v4 | |
| 701 | 0 | @a威尔斯@Awei er si@4著 |
| 702 | 0 | @a阎宏伟@Ayan hong wei@4译 |
| 801 | 0 | @aCN@bPFT@c20030326 |
| 905 | @a10447@dTU986.43@eW496 | |
| 园林水景设计/(英)威尔斯著;阎宏伟等译.-沈阳:辽宁科学技术出版社,2002.01 |
| 190页;26cm |
| ISBN 7-5381-3441-7:RMB 118.00 |
| ● |
| 相关链接 |
|
|
|
正题名:园林水景设计
索取号:TU986.43/W496
 
预约/预借
| 序号 | 登录号 | 条形码 | 馆藏地/架位号 | 状态 | 备注 |
| 1 | 367283 | 203672837 | 建筑库201/201建筑库 118排1列1层/ [索取号:TU986.43/W496] | 在馆 |